00568nam a2200145Ia 4500008004100000020002200041041000800063082002400071100004000095245003300135260004000168300001000208999001900218952018500237230411s9999 xx 000 0 und d a978-93-5152-729-9 aeng aF/610.73/BUR/B08113 aBurton Marti & Ludwig Linda9179826 aFundamentals of Nursing Care bJaypee BrothersaPhiladelphiac2015 a1008p c158003d158003 001040708FaBTINbBTINd2015-10-24eJaypee Brothers Medical Publishersg1395.00iI-191l0oF 610.73 BUR B08113pBTIN-BK-8113r2023-04-11 00:00:00v976.50w2015-10-24yBKzB08113